<The> challenges of G20 in the next 10 years bakalárska práca

Na minha lista:
Detalhes bibliográficos
Autor principal: Diškanec, Matúš
Autor Corporativo: Národohospodárska fakulta EU. Katedra hospodárskej politiky
Outros Autores: Lábaj, Martin, 1982-
Formato: Livro
Idioma:inglês
Publicado em: Bratislava 2012
Tags: Adicionar Tag
Sem tags, seja o primeiro a adicionar uma tag!

MARC

LEADER 00000nbm a2200000 4500
001 0155765
005 20161109111914.7
041 0 |a eng 
044 |a SK 
245 1 0 |a <The> challenges of G20 in the next 10 years  |b bakalárska práca  |c Matúš Diškanec ; školiteľ: Martin Lábaj 
264 1 |a Bratislava  |c 2012 
300 |a 43 s. 
100 1 |a Diškanec, Matúš 
700 1 |a Lábaj, Martin, 1982- 
710 2 |a Národohospodárska fakulta EU. Katedra hospodárskej politiky